Statistics for Capitals of Flags Letter U

Click here to take the quiz!

General Stats

  • This quiz has been taken 11 times
  • The average score is 6 of 7

Answer Stats

Answer% Correct
Kyiv
100%
London
100%
Washington, D.C.
100%
Kampala
91%
Montevideo
91%
Abu Dhabi
82%
Tashkent
82%

Score Distribution

Percentile by Number Answered

Percent of People with Each Score

Your Score History

You have not taken this quiz